| 000 | 00408nam a2200181Ia 4500 | ||
|---|---|---|---|
| 005 | 20240823051429.0 | ||
| 008 | 240823s9999||||xx |||||||||||||| ||und|| | ||
| 041 | _aTAMIL | ||
| 082 | _A894.811092 M3 | ||
| 100 | _aVaratharasan M | ||
| 245 | 0 | _aThru Vee Kaa | |
| 250 | _a7th | ||
| 260 |
_c1983 _b"D C Books,Kot" |
||
| 500 | _aTRANSFERED | ||
| 650 |
_aGeneral _bGeneral |
||
| 942 | _cBK | ||
| 999 |
_c219578 _d219578 |
||